Detalles MARC
| 000 -CABECERA |
| campo de control de longitud fija |
00866nam a22002297a 4500 |
| 008 - DATOS DE LONGITUD FIJA--INFORMACIÓN GENERAL |
| campo de control de longitud fija |
260522m mx gr|||| 001 0 spa d |
| 020 ## - NÚMERO INTERNACIONAL ESTÁNDAR DEL LIBRO |
| Número Internacional Estándar del Libro |
968-12-1058-1 |
| 040 ## - FUENTE DE LA CATALOGACIÓN |
| Lengua de catalogación |
spa |
| 041 ## - CÓDIGO DE LENGUA |
| Código de lengua del texto/banda sonora o título independiente |
SPA |
| Código de lengua original |
SPA |
| 082 04 - NÚMERO DE LA CLASIFICACIÓN DECIMAL DEWEY |
| Número de edición |
895.13 / W38 / C83 / 2002 |
| 100 ## - ENTRADA PRINCIPAL--NOMBRE DE PERSONA |
| 9 (RLIN) |
MENG, WANG |
| Títulos y otros términos asociados al nombre |
AUTOR |
| Nombre de persona |
MENG, WANG |
| 245 ## - MENCIÓN DE TÍTULO |
| Título |
CUENTOS |
| 260 ## - PUBLICACIÓN, DISTRIBUCIÓN, ETC. |
| Lugar de publicación, distribución, etc. |
COLEGIO DE MÉXIC |
| Nombre del editor, distribuidor, etc. |
MÉXICO |
| Fecha de publicación, distribución, etc. |
1934 |
| 300 ## - DESCRIPCIÓN FÍSICA |
| Extensión |
210 Páginas, |
| Otras características físicas |
21 cm X 13.8 cm |
| 336 ## - TIPO DE CONTENIDO |
| Fuente |
rdacontent |
| Término de tipo de contenido |
texto |
| Código de tipo de contenido |
txt |
| 337 ## - TIPO DE MEDIO |
| Fuente |
rdamedia |
| Nombre/término del tipo de medio |
sin mediación |
| Código del tipo de medio |
n |
| 338 ## - TIPO DE SOPORTE |
| Fuente |
rdacarrier |
| Nombre/término del tipo de soporte |
volumen |
| Código del tipo de soporte |
nc |
| 505 ## - NOTA DE CONTENIDO CON FORMATO |
| Nota de contenido con formato |
CHINA HA SIDO, VISTATA DESDE EL OCCIDENTE, UNA VASTA LEJANA Y MISTERIOSA, REVOLUCIONARIA Y VISIONARIA, EJEMPLO DE REFINAMIENTO Y SABIDURIA, INFIERNO SOBRE LA TIERRA, ESCUELA DE REVOLUCIONES PPOPULARES. |
| 650 ## - PUNTO DE ACCESO ADICIONAL DE MATERIA--TÉRMINO DE MATERIA |
| Subdivisión de forma |
895 |
| Subdivisión general |
800 |
| Subdivisión cronológica |
90 |
| Subdivisión geográfica |
5 |
| 700 ## - PUNTO DE ACCESO ADICIONAL--NOMBRE DE PERSONA |
| Nombre de persona |
FLORA BOTTON BEJA |
| Término indicativo de función/relación |
PREFACIÓN, PRÓLOGO Y SELECCIÓN |
| 942 ## - ELEMENTOS DE PUNTO DE ACCESO ADICIONAL (KOHA) |
| Fuente del sistema de clasificación o colocación |
Dewey Decimal Classification |
| Tipo de ítem Koha |
Consulta Jóvenes y Adultos |